Normal view
MARC view
- মো: আব্দুল হালিম
Entry Personal Name
001 - CONTROL NUMBER
- control field: 5801
003 - CONTROL NUMBER IDENTIFIER
- control field: OSt
005 - DATE AND TIME OF LATEST TRANSACTION
- control field: 20240401050230.0
008 - FIXED-LENGTH DATA ELEMENTS
- fixed length control field: 240401|| aca||aabn | a|a d
040 ## - CATALOGING SOURCE
- Original cataloging agency: OSt
- Transcribing agency: OSt
100 ## - HEADING--PERSONAL NAME
- Personal name: মো: আব্দুল হালিম
670 ## - SOURCE DATA FOUND
- Source citation: Work cat.: (OSt)2517: হালিম, মো: আব্দুল 5800, সংবিধান, সাংবিধানিক আইন ও রাজনীতি : বাংলাদেশ প্রসঙ্গ বৃটিস শাসন ব্যবস্থা এবং মার্কিন যুক্তরাষ্ট্র / , c2008
